Kadra rep. Hiszpanii na EURO 2016 - Statystyki

Ogólne statystyki
  • Ten quiz został rozwiązany 140 razy
  • Średni wynik to 15 z 24
Statystyki odpowiedzi
pozycja # klub piłkarz % Poprawnych
B 13 Manchester United David De Gea
98%
O 3 Barcelona Gerard Pique
98%
P 6 Barcelona Andres Iniesta
96%
O 15 Real Madryt Sergio Ramos
96%
B (C) 1 Porto Iker Casillas
95%
N 7 Juventus Alvaro Morata
89%
O 18 Barcelona Jordi Alba
89%
P 21 Manchester City David Silva
88%
O 2 Chelsea Cesar Azpilicueta
83%
P 5 Barcelona Sergio Busquets
81%
P 8 Atletico Koke
79%
O 12 Arsenal Hector Bellerin
65%
N 20 Athletic Aritz Aduriz
60%
P 10 Chelsea Cesc Fabregas
58%
O 16 Atletico Juanfran
57%
N 11 Chelsea Pedro
56%
P 14 Bayern Thiago Alcantara
51%
Selekcjoner - - Vicente Del Bosque
48%
P 9 Real Madryt Lucas Vazquez
37%
B 23 Sevilla Sergio Rico
36%
O 4 Barcelona Marc Bartra
33%
N 22 Celta Nolito
26%
P 19 Villarreal Bruno
16%
O 17 Athletic Mikel San Jose
11%
Nie znaleziono quizów pasujących do podanych kryteriów
Rozkład punktacji
Procent ludzi z każdym wynikiem
Percentyl według liczby udzielonych odpowiedzi
Twoja historia wyników
Nie rozwiązałeś tego quizu